| 000 | 01481nam a2200349 a 4500 | ||
|---|---|---|---|
| 001 | 000028541 | ||
| 003 | DO-SdBNP | ||
| 005 | 20251007142940.0 | ||
| 007 | ta | ||
| 008 | 110411s2004 dr 000 0 spa d | ||
| 040 |
_aDO-SdBNP _bspa _cBNPHU _erda |
||
| 041 | _aspa | ||
| 082 | 4 |
_a343.729304 _bR426c 2004 _222 |
|
| 110 | 1 |
_aRepública Dominicana. _9447 |
|
| 240 | 1 | 0 | _a[Leyes, etc] |
| 245 | 1 | 0 |
_aLey 11-92 : _bCódigo tributario de la República Dominicana, artículos de la ley 11-92 modificados por la ley 288-04 de fecha 28 de septiembre del 2004 / _ccompilador, Remberto Díaz Núñez. |
| 264 | 1 |
_aSanto Domingo : _bEditor no identificado, _c2004. |
|
| 300 |
_a211 páginas ; _c21 cm. |
||
| 336 |
_atexto _btxt _2rdacontent |
||
| 337 |
_asin mediación _bn _2rdamedia |
||
| 338 |
_avolumen _bnc _2rdacarrier |
||
| 500 | _aIncluye los reglamentos y las modificaciones por : Ley 147-00 y 12-01 de reforma tributaria ; Ley 11-01 de la anmistía fiscal. | ||
| 590 | _aInventariado, 2018/VM | ||
| 650 | 4 |
_aLey 11-92 _zRepública Dominicana _955494 |
|
| 650 | 4 |
_aImpuestos _xLegislación _zRepública Dominicana _955495 |
|
| 650 | 4 |
_aImpuestos _xAdministración y procesamiento _914513 |
|
| 650 | 4 |
_aImpuestos sobre la renta _xLegislación _zRepública Dominicana _99399 |
|
| 650 | 4 |
_aDerecho fiscal _xLegislación _zRepública Dominicana _99397 |
|
| 700 | 1 |
_aDíaz Núñez, Remberto, _ecompilador _4comp. _914514 |
|
| 910 | _aValidado. Control de calidad EMS | ||
| 942 |
_2ddc _cLBS1 |
||
| 999 |
_c28033 _d28033 |
||